[Event "ROM-ch"]
[Site "Targoviste"]
[Date "2001.11.26"]
[Round "3"]
[White "Vasiesiu, Dan"]
[Black "Jianu, Vlad Cristian"]
[Result "0-1"]
[WhiteElo "2440"]
[BlackElo "2397"]
[Annotator "Rogozenco,D"]
[PlyCount "62"]
[EventDate "2001.11.23"]
[EventType "tourn"]
[EventRounds "15"]
[EventCountry "ROU"]
[EventCategory "9"]
[SourceTitle "CBM 087"]
[Source "ChessBase"]
[SourceDate "2002.03.21"]
[SourceVersion "1"]
[SourceVersionDate "2002.03.21"]
[SourceQuality "1"]

1. e4 c5 2. Nf3 d6 3. d4 cxd4 4. Nxd4 Nf6 5. Nc3 g6 6. Be3 Bg7 7. f3 Nc6 8. Qd2
O-O 9. O-O-O Nxd4 10. Bxd4 Be6 11. Kb1 $1 {An important move. White stops 11. .
.. Qa5 because of 12.Nd5, when 12. ... Qxd2 comes without check, which means
he'll have time for intermediate 13.Nxe7+.} (11. h4 Qa5 $1 $132) 11... Qc7 12.
Nd5 {A possible option, which gives White slightly better position.} (12. h4 {
The most direct and probably strongest continuation.} Rfc8 (12... h5 13. g4 $1
$40) 13. h5 Qa5 {See the comments after White's 11.Kb1. Here Black was forced
to lose a tempo by playing Qc7 and only then Qa5.} 14. hxg6 hxg6 15. a3 Rab8
16. Bd3 Bc4 17. Be3 (17. Rh2 $40) 17... b5 18. Bh6 Bh8 19. Bg5 Bg7 20. Bh6 Bh8
21. Nd5 Qd8 22. Bg5 Nxd5 23. Rxh8+ Kxh8 24. exd5 Kg7 25. Rh1 Bxd3 26. cxd3 Qd7
27. Bxe7 Qxe7 28. Qh6+ Kf6 29. Qh4+ g5 30. Qh6+ Kf5 31. g4+ Kf4 32. Qh2+ Kxf3
33. Qh3+ {1-0 Van der Wiel,J-Zult,D/Leeuwarden 2001}) 12... Bxd5 13. exd5 Rac8
14. Rc1 a6 15. g4 e6 16. dxe6 fxe6 17. h4 (17. c4 $5 Nd7 18. Bxg7 Kxg7 19. f4
d5 20. Be2 Qd6 21. Qd4+ Kg8 22. f5 exf5 23. Bf3 $1 $16 {1-0 Luther,T-Cabrera,A/
Cali 2000 (49)}) 17... Qc6 $146 {The right move order. In the game given below
the inclusion of 17. ... e5 18.Be3 and only then 18. ... Qc6 allowed White to
play 19.h5! without protecting on f3:} (17... e5 18. Be3 Qc6 19. h5 $1 Qd5 (
19... Qxf3 20. Bg2 ({or first} 20. hxg6 hxg6 (20... Qxh1 21. Bc4+ Rxc4 22. Rxh1
$18) 21. Bg2) 20... Qxg4 (20... Qg3 21. Rcg1 $18) 21. Bh3 $16) 20. hxg6 hxg6
21. Bd3 $18 {1-0 Chapman,A-Amaral,N/Bad Wiessee 1997 (25)}) 18. Bg2 ({after} 
18. Rh3 {Black has nice tactics:} Ne4 $1 19. fxe4 Bxd4 $15 20. Qxd4 $140 $2
Qxc2+ $1 21. Rxc2 Rxf1+ $19) (18. Be2 $13) (18. h5 {Now this advance doesn't
work:} Qxf3 19. Bg2 (19. hxg6 $140 $2 Qxh1 $19) 19... Ne4 $1) 18... Qc4 $1 {
The queen is active here and creates concrete threats.} 19. Rhe1 {White would
be happy to keep the rook on the h-file, but he must defend against the threat
Ne4. The alternatives to 19.Rhe1 have their drawbacks too:} ({The direct} 19.
h5 {doesn't work:} Ne4 $1 $15 {[%csl Rd4]}) (19. Be3 $2 Nd5 $17 {[%csl Rb1]
[%cal Gd5c3]}) (19. c3 $5) 19... e5 20. Bg1 Rcd8 {The position is
strategically complicated. White seems to be better thanks to his bishop pair
and pressure on the central files, especially since Black has weaknesses on
the d-file. But things are far from easy. The bishop on g2 might easily become
"the bad piece", unless White won't be able to play f3-f4 or g4-g5 and Bh3.
Black also has two open files for counterplay and maybe some vague chances to
advance his central pawns one day. Still, White should have the advantage.} 21.
Rcd1 (21. f4 $1 {A very concrete and responsable decision. White opens his
light-squared bishop, but on the other hand Black gets a dangerous passed pawn
on the f-file.} Qxf4 (21... exf4 $2 22. g5 $18 {[%csl Rd5]}) 22. Qxf4 exf4 23.
g5 Ng4 {Black must play active, although it seems that White's bishops are
much too strong anyway.} (23... Nd7 24. Bxb7 f3 25. Bf2 Rb8 26. Bd5+ Kh8 27. c3
$16) 24. Bf3 (24. Bb6 $6 Rde8 $132) (24. Bd5+ $6 Kh8) 24... Ne5 25. Bxb7 Rb8
26. Bd5+ Kh8 {Black has active pieces and a strong passed pawn, which normally
should give very good chances. The only problem is that White has very
powerful bishops (especially the one on d5) and a better pawn structure. It
looks like Black's initiative stops after:} 27. b3 (27. Bd4 f3 {gives Black
more possibilities for counterplay.}) 27... f3 28. Rf1 Rf4 29. Bf2 Nc4 30. Bxc4
Rxc4 31. Rcd1 Be5 32. Rd3 $16) 21... Kh8 22. Be3 $6 {Too sophisticated. It
allows unnecessary the advance of Black's central pawns.} (22. Bb6 Rc8 (22...
Rd7 $2 23. g5 Nh5 24. Bh3 Rdf7 25. Bg4 $16) 23. c3 $14) 22... d5 23. Bg5 Rc8
24. h5 $2 {Not the perfect moment to start an attack. Black has advantage in
the center and possibilities for counterplay on the c-file.} (24. c3 d4 $5 25.
cxd4 exd4 $13 {[%cal Gf6d5]}) (24. Rxe5 $2 Ne4 25. fxe4 Bxe5 26. exd5 Qxg4 (
26... Qb5 27. b3 Bc3 28. Qd3) 27. d6 Rf2 $1 {[%csl Rd1]}) 24... gxh5 $17 25.
Rh1 hxg4 26. Rh4 e4 27. fxg4 d4 28. Bf1 (28. Qxd4 $2 Qxc2+ 29. Ka1 Rfd8 30.
Qxd8+ Rxd8 31. Rxd8+ Ng8 $19) (28. Rdh1 Rf7 {This simple move Black prtects
pawn h7, solving all defencive problems.} 29. Bf1 Qc5 30. Qh2 Kg8 $17) 28...
Qc5 29. Bxf6 Rxf6 30. g5 Rb6 $19 31. Rxe4 d3 0-1

[Event "Bundesliga 0102"]
[Site "Germany"]
[Date "2002.04.28"]
[Round "15.5"]
[White "Mueller, Karsten"]
[Black "Polzin, Rainer"]
[Result "1-0"]
[WhiteElo "2503"]
[BlackElo "2469"]
[Annotator "Rogozenco,D"]
[PlyCount "83"]
[EventDate "2001.10.06"]
[EventType "team-tourn"]
[EventRounds "15"]
[EventCountry "GER"]
[SourceTitle "CBM 089"]
[Source "ChessBase"]
[SourceDate "2002.08.12"]
[SourceVersion "1"]
[SourceVersionDate "2002.08.12"]
[SourceQuality "1"]
[WhiteTeam "Hamburger SK"]
[BlackTeam "Neukoelln"]
[WhiteTeamCountry "GER"]
[BlackTeamCountry "GER"]

1. e4 c5 2. Nf3 d6 3. d4 cxd4 4. Nxd4 Nf6 5. Nc3 g6 6. Be3 Bg7 7. f3 O-O 8. Qd2
Nc6 9. O-O-O Nxd4 10. Bxd4 Be6 11. Kb1 Qc7 12. g4 Rfc8 13. h4 Qa5 14. a3 Rab8
15. Nd5 $5 {At the first sight this move might look harmless, but in spite of
theory's evaluation (as leading to equal endgame), Black must fight for a draw
in an WORSE endgame. As the present game shows, his task is far from trivial.}
(15. h5 b5 16. Nd5 {is in a way similar to the game, but the inclusion of
moves h5 for White and b5 for Black even more favours White in endgame, since
his plan is to advance h5 anyway, while b5 pawn might be a weakness in some
lines.} Qxd2 17. Rxd2 Nxd5 18. exd5 Bxd5 19. Bxg7 Bxf3 20. Rh3 Bxg4 21. Rg3
Kxg7 22. Rxg4 Rc5 (22... f5 23. Rg3 Kf6 24. hxg6 hxg6 25. Rh2 Rh8 26. Rxh8 Rxh8
27. Bxb5 $16 {1-0 Van den Doel,E-Janssen,R/Dieren 1998 (46)}) 23. Rh2 $1 $14 {
Svidler-Tisdall, Torshavn, 1997.}) 15... Qxd2 16. Rxd2 Bxd5 (16... Nxd5 {
Also doesn't solve all problems:} 17. Bxg7 $1 (17. exd5 {Without the inclusion
of moves h5 and b5, the direct 17.exd5 is less convincing:} Bxd5 $1 (17... Bxd4
$6 18. Rxd4 Bd7 19. h5 Rc5 20. Bd3 Rbc8 21. g5 $14 {1-0 Blees,A-Kargin,A/Isle
of Man 1996 (48)}) 18. Bxg7 Bxf3 19. Rh3 Bxg4 20. Rg3 Kxg7 21. Rxg4 f5 22. Ra4
a6 {was about equal in Tseshkovsky-Mortensen, Riga 1982.}) 17... Ne3 (17...
Kxg7 18. exd5 Bd7 19. Rd4 Rc5 (19... b5 20. Bd3 Rb6 21. g5 e5 22. dxe6 Bxe6 23.
Rd1 $14 {1-0 Bricard,E-Tasic,B/Chanac 1989 (41)}) 20. Be2 Rbc8 21. c3 a5 22. f4
f5 23. g5 $14 {1/2-1/2 Goloshchapov,A-Vasilev,M/Medellin 1996 (81)}) 18. Bd4
Nxf1 19. Rxf1 {White is slightly better thanks to the space advantage and some
possitbilities on the kingside. It is amazing that in the game Polgar,J-Anand,
V/Dortmund 1997 the players achieved the diagram position, but Black pawn was
already on b5 (because of a different opening line, when Black was able to
play directly Qa5, not Qc7-a5). This is quite an important factor, because now
in order to push b5-b4 Black must lose a tempo.} a5 20. g5 (20. h5 g5 $13)
20... b5 21. h5 {and White has pressure on the kingside. Black must run with
the king to d7, but to defend such a position is no fun at all, certainly not
for Dragon adherents.}) 17. exd5 a6 (17... b6 18. h5 Nd7 19. Bxg7 Kxg7 20. g5
f5 21. Re2 $14 {1-0 Lobzhanidze,D-Benekas,V/Ano Liosia 1996 (59)}) 18. h5 $14
Nd7 (18... b5 19. hxg6 (19. Rdh2 $2 Nxg4) 19... hxg6 20. Rdh2 Kf8 (20... Nxg4
$4 21. Rh8+ Bxh8 22. Rxh8#) 21. Be2 (21. f4 $5) 21... Ng8 22. Bxg7+ (22. Be3 $5
) 22... Kxg7 23. f4 Rc5 $13 {1/2-1/2 Resika,N-Laursen,N/Copenhagen 2000 (59)})
19. g5 $1 Bxd4 20. Rxd4 Rc5 21. Bh3 Ne5 22. f4 Rc4 23. Rhd1 Rxd4 24. Rxd4 Nf3
25. Rd3 Nh4 26. h6 {The endgame is difficult for Black. White gained too much
space advantage on the kingside.} Kf8 27. Rc3 Ke8 28. b4 Nf5 29. Kb2 Kd7 30.
Kb3 e6 31. Ka4 Ne7 32. dxe6+ fxe6 33. Re3 b5+ 34. Kb3 Nf5 35. Bxf5 gxf5 (35...
exf5 $142 36. a4 $16 (36. c4 Rc8 37. cxb5 axb5 38. a4 bxa4+ 39. Kxa4 Rc4 $132))
36. c4 Re8 37. c5 $1 Kc6 (37... d5 38. a4 $18) 38. cxd6 Kxd6 39. a4 Rc8 40.
axb5 axb5 41. Rd3+ Ke7 42. Rc3 1-0

[Event "EU-ch 6th"]
[Site "Warsaw"]
[Date "2005.06.30"]
[Round "12"]
[White "Atakisi, Umut"]
[Black "Asauskas, Henrikas"]
[Result "1/2-1/2"]
[WhiteElo "2439"]
[BlackElo "2357"]
[Annotator "Rogozenco,D"]
[PlyCount "116"]
[EventDate "2005.06.18"]
[EventType "swiss"]
[EventRounds "13"]
[EventCountry "POL"]
[SourceTitle "CBM 108"]
[Source "ChessBase"]
[SourceDate "2005.09.26"]
[SourceVersion "1"]
[SourceVersionDate "2005.09.26"]
[SourceQuality "1"]

1. e4 c5 2. Nf3 d6 3. d4 cxd4 4. Nxd4 Nf6 5. Nc3 g6 6. Be3 Bg7 7. f3 O-O 8. Qd2
Nc6 9. O-O-O d5 10. exd5 Nxd5 11. Nxc6 bxc6 12. Bd4 Nxc3 13. Qxc3 Bh6+ 14. Be3
Bxe3+ 15. Qxe3 Qb6 16. Qxe7 Be6 17. Qa3 (17. Bd3 Bxa2 18. b3 Bxb3 19. cxb3 Qxb3
$44) (17. Qf6 Bxa2 18. b3 Bxb3 19. cxb3 Qxb3 $44) 17... Rad8 $1 {The best
continuation. After other moves White achieves advantage easier. The point of
17...Rad8 is that the rook from d8 often leaves the backrank and then it is
more important for Black to have the rook on f8 rather than on a8.} (17... a5
18. Bd3 Qb4 19. Be4 $14) (17... Qf2 18. Qa5 $14) (17... Rfd8 18. Bd3 (18. Ba6
$5 $14) 18... Rd5 19. Rhe1 (19. Qc3 Rc5 20. Qf6 Bxa2 21. Rhe1 Bd5 22. Re7 Ra5
23. b3 Qb4 24. Rde1 Rf8 25. Re8 Qa3+ 26. Kd2 Qb4+ 27. Kd1 $16 Ra2 $2 28. R1e7
$18 {1-0 Flores Escuin,S-Ballesteros Borondo,V/Spain 1997 (32)}) (19. b3 Rad8
$44) 19... Ra5 20. Qc3 Rxa2 21. b3 $14 {1-0 Rowson,J (2494)-Mah,K (2312)/
England 1999 (28)}) 18. Bd3 (18. Ba6 Qf2 19. g4 Rxd1+ 20. Rxd1 Qxh2 (20... Bd5
$1 $44) 21. Qe3 $14 {1-0 Olivera Gutierrez,A (2109)-Garcia,A/Oviedo 2000 (31)})
(18. Re1 Rfe8 (18... Rd5 $5 19. Qe3 Rc5 $44) 19. Bd3 c5 20. Qa4 Rb8 21. b3 Red8
22. Qa6 Qc7 23. Rxe6 fxe6 24. Qxe6+ Kg7 25. h4 Re8 26. Qc4 Qe5 $13 {1/2-1/2
Becerra Rivero,J (2510)-Gallego Jimenez,V (2395)/Linares 1997 (56)}) 18... Rd5
19. Qc3 (19. b3 Rfd8 $44 20. Rhe1 $140 Bf5 $36) (19. Rhe1 Ra5 20. Qc3 Rxa2 21.
b3 Ra5 22. Kb2 Rc5 23. Qf6 Rd5 $1 24. Bf1 (24. Be4 $1 Rxd1 25. Rxd1 c5 26. Bd5
Bxd5 27. Qxb6 axb6 28. Rxd5 $14) 24... Rb8 25. Rxd5 Bxd5 26. Qc3 a5 $36 {
Hansen S-B-Rogozenko, Internet (rapid) 2005}) 19... Rc5 (19... Ra5 $2 20. a3
$16) 20. Qf6 Bxa2 21. Rhe1 (21. h4 Ra5 22. Rhe1 (22. b3 Bxb3 23. cxb3 Qxb3 $44)
22... Be6 23. b3 Rd5 24. g4 Qd8 25. Qxd8 Rfxd8 $14 {/= 1/2-1/2 Smeets,J (2518)
-Asauskas,H (2357)/Warsaw 2005(93)}) 21... Qa5 $1 $146 (21... Bd5 22. h4 Ra5
23. b3 $14 {1/2-1/2 Pelletier,Y (2479)-Berndt,S (2500)/Germany 1999 (39)}) 22.
Re4 (22. h4 Be6 $1 (22... Bb3 23. h5 $1 Bxc2 (23... Qa1+ 24. Kd2 Qa5+ 25. Ke2 (
25. Ke3 Re5+ 26. Kf2 Qc5+ 27. Kf1 Re6 28. Rxe6 fxe6 29. Qc3 (29. Qh4 $2 Bxc2)
29... Qxh5 30. Qxb3 Qh1+ 31. Kf2 Qxd1 32. Qxe6+ Kg7 33. Qe7+ Rf7 34. Qe5+ $11)
25... Re5+ 26. Kf1 Re6 27. Rxe6 fxe6 28. Qh4 $18) 24. Bxc2 Qa1+ 25. Kd2 Qa5+
26. Ke3 Rxh5 (26... Rxc2 27. h6 Qc5+ 28. Rd4 Re8+ 29. Kf4 $18) 27. Be4 $16) 23.
g4 Qa1+ (23... Bb3 24. h5 Qa1+ 25. Kd2 Qa5+ 26. Ke2 Re5+ 27. Kf1 Re6 28. Rxe6
$140 $6 fxe6 {[%csl Rf3][%cal Gf8f3]}) 24. Kd2 Qa5+ 25. Kc1 (25. c3 Qa2 26. Rb1
Rd5 27. Kc2 Rb8 $40) (25. Ke2 Qc7 $36) 25... Qa1+ $11) 22... Bb3 (22... Bd5 23.
b4 Qa3+ 24. Qb2 (24. Kd2 $2 Bxe4 25. bxc5 Bxd3 26. cxd3 Qa2+ $19) 24... Qxb2+
25. Kxb2 Rb8 $11 {[%cal Ga7a5]} (25... Bxe4 26. bxc5 Bxd3 27. cxd3 $14)) 23.
Rde1 Qa1+ 24. Kd2 Qa5+ 25. Kc1 (25. c3 $2 Qa2 26. Kc1 Qa1+ 27. Bb1 Ba2 28. Kc2
Rb5 $40) 25... Qa1+ 26. Kd2 Qa5+ $11 27. Kd1 Bxc2+ $1 (27... Rd5 $13) 28. Bxc2
Rd8+ 29. Rd4 (29. Ke2 $6 Rxc2+ 30. Kf1 Qb5+ 31. Kg1 Rf8 $17) 29... Qa1+ 30. Kd2
Rxd4+ 31. Qxd4 Rxc2+ 32. Kxc2 Qxe1 33. Qxa7 (33. Qd8+ Kg7 34. Qd4+ Kf8 35. Qd6+
Qe7 36. Qxc6 Qe2+ 37. Kb3 Qxg2 38. Qd6+ $11) 33... Qe2+ 34. Kc3 Qe5+ 35. Kc2 $2
{The desire to play for a win is completely unjustified. Now Black should be
winning.} (35. Qd4 Qxh2 36. Qd8+ Kg7 37. Qd4+ $11 Kh6 (37... f6 $6 38. Qd7+ Kh6
39. Qxc6 {[%csl Gb2][%cal Gb2b4]}) 38. Qd2+ g5 (38... Kh5 $4 39. g4+) 39. Qd4
$44 Qxg2 40. Qf6+ Kh5 41. Qxf7+ Kh4 42. Qxh7+ Kg3 43. Qc7+ $11) 35... Qxh2 36.
Qa8+ Kg7 37. Qxc6 Qxg2+ 38. Kc3 h5 $19 39. Qd5 Qg3 40. Qd4+ f6 41. Qa7+ Kh6 42.
Qe3+ Qg5 (42... g5 43. b4 h4 44. b5 h3 $19) 43. f4 Qa5+ 44. Kc4 Qa6+ 45. Kc3
Qc6+ 46. Kd3 Qd7+ 47. Kc3 (47. Qd4 Qxd4+ 48. Kxd4 h4 49. Ke4 Kg7 50. b4 Kf7 $19
) 47... h4 48. b4 Kh5 49. Qf3+ Qg4 50. Qd5+ f5 51. b5 Qxf4 52. Qd3 Qg4 $2 (
52... Qc1+ 53. Kd4 Qb2+ 54. Kc4 (54. Kd5 Qg2+ 55. Ke6 h3 $19) (54. Kc5 Qf2+ 55.
Kc4 g5 $19) 54... Qg2 55. Qd1+ (55. b6 Qc6+ $19) 55... Qg4+ 56. Qxg4+ Kxg4 57.
b6 h3 58. b7 h2 59. b8=Q h1=Q $19) 53. b6 Qg2 (53... h3 $2 54. b7 $18) 54. Qd1+
Kg5 55. Qd8+ Kg4 56. Qd1+ Kg5 57. Qd8+ Kg4 58. Qd1+ Kg5 1/2-1/2

[Event "EU-ch 6th"]
[Site "Warsaw"]
[Date "2005.06.27"]
[Round "9"]
[White "Moranda, Wojciech"]
[Black "Petrosian, Tigran L"]
[Result "1-0"]
[WhiteElo "2452"]
[BlackElo "2599"]
[Annotator "Rogozenco,D"]
[PlyCount "79"]
[EventDate "2005.06.18"]
[EventType "swiss"]
[EventRounds "13"]
[EventCountry "POL"]
[SourceTitle "CBM 108"]
[Source "ChessBase"]
[SourceDate "2005.09.26"]
[SourceVersion "1"]
[SourceVersionDate "2005.09.26"]
[SourceQuality "1"]

1. e4 c5 2. Nf3 d6 3. d4 cxd4 4. Nxd4 Nf6 5. Nc3 g6 6. Be3 Bg7 7. f3 Nc6 8. Qd2
O-O 9. O-O-O d5 10. exd5 Nxd5 11. Nxc6 bxc6 12. Nxd5 cxd5 13. Qxd5 Qc7 14. Qc5
Qb7 15. b3 Bf5 16. Bd3 Rfc8 {This is inaccurate. Black must play the other
rook on c8.} (16... Rac8 $1 17. Qa5 (17. Qxa7 {leads to a draw:} Bxd3 $1 (17...
Qb5 {is not justified:} 18. Kb1 (18. Bxb5 $4 Rxc2+ 19. Kb1 Rc4+ 20. Rd3 Bxd3#)
18... Bxd3 ({A.Schneider recommends} 18... Qb4 $2 19. Bxf5 Ra8 {as good for
Black, but after} 20. Bc5 $1 {Black is in troubles}) 19. Rxd3 Qe5 20. Bd4 Qe2
21. Rc1 Rxc2 22. Rxc2 Qxd3 23. Bxg7 Kxg7 24. Qc5 $16) 18. Qxb7 (18. Rxd3 Qc6
19. c4 (19. Rd2 Ra8 $19) 19... Qf6 $44) 18... Rxc2+ 19. Kb1 Rb2+ 20. Kc1 (20.
Ka1 $2 Rb1#) 20... Rc2+ $11) 17... Rc3 $1 18. Bxf5 (18. Rhe1 Bxd3 19. Rxd3 Rxd3
20. cxd3 Rc8+ 21. Bc5 Qd5 $19 {0-1 Valenti,G (2226)-Sorcinelli,F (1962)/San
Martino di Castrozza 2003 (24)}) 18... Rxe3 {With his powerful bishop on the
long diagonal Black has more than enough compensation:} 19. Be4 (19. Bd3 Re5
20. Qd2 a5 21. Rde1 a4 22. Rxe5 Bxe5 23. Bc4 Qc7 24. g3 Rd8 25. Bd3 axb3 $19 {
0-1 Kuma,B-Losos,J/Poland 1990 (27)}) 19... Qb8 20. g3 (20. Qg5 Re2 21. Qxe7
Qb6 22. a4 Qe3+ 23. Kb1 Qc3 24. Qa3 Rb8 25. Kc1 Bf6 $19 {0-1 Betts,M (1686)
-Grizzaffi,M (1615)/IECG email 2002 (37)}) 20... Qc8 21. g4 (21. h4 h5 22. Rhg1
a6 23. Rd5 Qe6 24. Rd8 Rxd8 25. Qxd8+ Kh7 $17 {0-1 Smirin,I-Basin,L/Minsk 1985
(28)}) (21. Rd5 Qe6 22. Rd8 Qf6 23. Rxf8+ Bxf8 24. Kb1 h5 $44 {0-1 Voss,
P-Godfrey,P/New Zeeland 1997 (52)}) 21... Re2 (21... Qb8 $5) 22. h4 Qb8 23. g5
Rh2 24. Rxh2 Qxh2 25. Qxa7 Qf4+ 26. Kb1 Qe5 27. Kc1 Qf4+ 28. Kb1 Qe5 29. Kc1 {
1/2-1/2 Psakhis,L (2590)-David,A (2435)/Andorra 1996/CBM 054 ext}) (16... Bxd3
17. Rxd3 $14 {/+/-}) 17. Qa5 $14 (17. Qb5 $2 {is a blunder in view of:} Rxc2+
$1 $19) 17... Qc6 {Other moves don't solve the problems either:} (17... Bc3 18.
Qb5 $16) (17... Rc6 18. Bxf5 gxf5 19. Rd8+ Rxd8 20. Qxd8+ Bf8 21. Rd1 $16 {
Kristensen,H-Colucci,P/ICCF corr 1989}) (17... Bxd3 18. Rxd3 Qc6 19. c4 Qf6 20.
Bd4 $14) ({Now} 17... Rc3 18. Bxf5 Rxe3 {runs into} 19. Be4 {That's why Black
had to remove the rook from a8.}) 18. Bxf5 gxf5 19. c4 (19. Qxf5 $2 Qc3 $19) (
19. Qd2 f4 (19... a5 $44) (19... Qf6 $6 20. Bd4) 20. Bf2 a5 21. a4 Rab8 $40 {
0-1 Gammon,S-Hua Lefong (2220)/Toronto 1997 (34)}) (19. Rd2 $6 Bc3 20. Qxf5
Bxd2+ 21. Bxd2 $13) 19... e5 (19... Qf6 20. Bd4 Qg5+ 21. Kb1 Bxd4 22. Rxd4 Qxg2
23. Qe1 $1 $18 {1-0 Hennings,A-Lee,P/Oerebro 1966 (26)}) 20. Rd5 Qg6 {This new
move changes nothing - White has a big advantage.} (20... f4 21. Bc5 Qg6 22.
Rhd1 Bf6 23. Rd7 a6 24. Be7 $16 {1-0 Dworakowska,J (2120)-Paasikangas Tella,J 
(2200)/Svitavy 1993 (32)}) 21. Rhd1 $16 h6 (21... Qxg2 22. Rg1 (22. Rd8+ Rxd8
23. Rxd8+ Rxd8 24. Qxd8+ Bf8 25. Bc5 (25. Bh6 $2 Qg1+ 26. Kb2 Qxh2+) 25... Qh1+
26. Kb2 Qxh2+ 27. Ka3 Qh6 28. b4 $18) 22... Qxf3 23. Bh6 $18) 22. Rd6 Qh5 (
22... Qxg2 23. Rg1 $18) 23. h3 Qh4 24. Qd5 Re8 25. Rd7 Qf6 26. Rd6 Qh4 27. Qd2
f4 (27... Kh7 28. Qd3 e4 29. Qd5 exf3 30. Qxf5+ Kg8 31. Qxf3 $18) 28. Bf2 Qh5
29. Qd5 {With a pawn up and such centralization White is easily winning..} a5
30. a4 Rab8 31. c5 Qg5 ({More stubborn is} 31... Qf5 {with the idea} 32. c6 (
32. Rd7 Bf8 33. Kb2 $18) 32... Bf8 33. Rd7 Ba3+ {although even here after} 34.
Kd2 {White's powerful pieces help the king to come safely to f1}) 32. Rd7 Qg6
33. c6 Rbc8 34. c7 $18 e4 35. fxe4 Be5 36. Qc4 Bf6 37. R1d6 (37. e5 Bxe5 (37...
Bg5 38. h4 $18) 38. Rd8 $18) 37... Rxe4 (37... Qg7 38. Bd4 Bxd4 39. Qxd4 Qxd4
40. Rxd4 $18) 38. Qc2 Kg7 39. Bh4 Re6 40. Rxe6 1-0

[Event "Poikovsky Karpov 10th"]
[Site "Poikovsky"]
[Date "2009.06.04"]
[Round "2"]
[White "Rublevsky, Sergei"]
[Black "Gashimov, Vugar"]
[Result "1/2-1/2"]
[WhiteElo "2702"]
[BlackElo "2730"]
[Annotator "Rogozenco,D"]
[PlyCount "52"]
[EventDate "2009.06.03"]
[EventType "tourn"]
[EventRounds "9"]
[EventCountry "RUS"]
[EventCategory "18"]
[SourceTitle "CBM 131"]
[Source "ChessBase"]
[SourceDate "2009.07.15"]
[SourceVersion "1"]
[SourceVersionDate "2009.07.15"]
[SourceQuality "1"]

1. e4 c5 2. Nf3 d6 3. d4 cxd4 4. Nxd4 Nf6 5. Nc3 g6 6. Be3 Bg7 7. f3 O-O 8. Qd2
Nc6 9. O-O-O d5 10. exd5 Nxd5 11. Nxc6 bxc6 12. Bd4 Nxc3 13. Qxc3 Bh6+ 14. Be3
Bxe3+ 15. Qxe3 Qb6 16. Qxe7 Be6 17. Qa3 Rad8 18. Bd3 Rd5 {The main position of
the line 12...Nxc3.} 19. b3 ({Alternatives are} 19. Qc3) ({and} 19. Rhe1) 19...
Rfd8 20. Rde1 ({After} 20. Rhe1 {Black plays} Bf5 {and equalizes right away:}
21. Qe7 (21. Qa6 $2 Rxd3 $19 {0-1 Lovik,L (2184)-Brown,T (2027)/Gibraltar 2009
(32)}) (21. Bxf5 $2 Rxd1+ 22. Rxd1 Qe3+ $19) 21... Bxd3 (21... Qd4 $5 22. Kb1
Qc3 $11 {1/2-1/2 Ozolin,M (2367)-Kashlinskaya,A (2201)/Pardubice 2008 (45)})
22. cxd3 Rxd3 23. Rxd3 Rxd3 24. Qe8+ Kg7 25. Qe5+ Kg8 $11) 20... c5 $1 $146 (
20... Rc5 21. Kb1 a5 22. Qb2 (22. h4 $1) 22... a4 $13 {0-1 Rutman,A (2272)
-Kashtanov,R (2345)/St Petersburg 2009 (35)}) (20... Ra5 21. Qb2 c5 22. Re2 $5
(22. Be4 c4 23. g4 Rc8 $44 {1/2-1/2 Antoniewski,R (2350)-Dearing,E (2185)/
Menorca 1996 (34)}) 22... c4 (22... Rc8 23. Rhe1 $16) 23. Bxc4 Bxc4 24. bxc4
Qc6 25. Rd1 Rc8 26. Red2 $36) 21. Bc4 (21. h4 c4 22. Bxc4 (22. bxc4 Rd4 $44)
22... Ra5 23. Rxe6 Rxa3 (23... fxe6 $2 24. Bxe6+ Kh8 25. Qe7 Qd4 26. Kb1 {
with three pawns for the exchange White is clearly better}) 24. Rxb6 axb6 25.
Kb2 Rda8 26. Ra1 Kg7 {should be a draw}) (21. Qa6 Qb4 22. Rxe6 Qc3 $5 (22...
fxe6 23. Qxe6+ Kg7 24. Qe7+ Kh6 $14 {/=}) 23. Kb1 (23. Rhe1 $2 Rxd3 24. Re8+
Kg7 $19) 23... fxe6 24. Qxe6+ Kf8 $13 {/=}) 21... Rd2 22. Bxe6 fxe6 23. Rd1 (
23. g4 c4 24. Qe7 cxb3 25. axb3 Rc8 26. Kxd2 Qd4+ 27. Kc1 Qa1+ 28. Kd2 Qd4+ $11
) 23... Rxd1+ 24. Rxd1 Rxd1+ 25. Kxd1 c4 26. Qe7 (26. bxc4 Qg1+ 27. Kd2 Qxg2+
28. Kc1 Qf1+ 29. Kb2 Qxc4 $11) (26. Kc1 $6 c3 $1 {[%csl Rc1]}) 26... Qg1+ (
26... Qg1+ 27. Kd2 Qd4+ (27... Qxg2+ {is also possible:} 28. Kc1 (28. Kc3 Qxf3+
29. Kxc4 Qe2+ $11) 28... Qg1+ 29. Kb2 Qd4+ 30. Ka3 Qd5 31. Qxa7 Qd6+ 32. b4
Qxh2 33. b5 Qxc2 34. b6 c3 35. Qb8+ Kg7 36. Qe5+ $11) 28. Ke2 Qe5+ 29. Kf2 Qd4+
30. Kg3 Qe5+ 31. f4 Qe3+ 32. Kg4 Qe2+ 33. Kh4 Qxg2 34. Qxe6+ Kg7 $11) 1/2-1/2